| 000 | 00338cam a22001337a 4500 | ||
|---|---|---|---|
| 008 | 180718b1977 xxu||||| |||| 00| 0 eng d | ||
| 082 | _aI551 Sh13 | ||
| 100 | _aShah, Vimal P. | ||
| 245 |
_aReporting research _cby Vimal P. Shah |
||
| 250 | _a2nd ed. | ||
| 260 |
_aAhmedabad _bRachana _c1977 |
||
| 300 | _a60p. | ||
| 650 | _aResearch methods | ||
| 999 |
_c354135 _d354135 |
||